000
00326nam a2200145 a 4500
008
971111s1964||||xx 0 und c
040
_a
SNK
_b
slo
_c
SNK
_e
AACR2
100
1
_a
Lem, Stanislav
245
1
0
_a
Solaris
260
_a
Bratislava
_b
Osveta
_c
1964
300
_a
194 s.
020
_c
11
044
_a
xo
_c
SK
041
_a
slo
999
_c
12101
_d
12101